| 000 | 00821nam a2200265Ia 4500 | ||
|---|---|---|---|
| 003 | OSt | ||
| 005 | 20220926005245.0 | ||
| 006 | a|||||r|||| 00| 0 | ||
| 007 | ta | ||
| 008 | 220923b |||||||| |||| 00| 0 eng d | ||
| 020 | _a8170361060 | ||
| 037 | _cGeneral Book | ||
| 040 |
_aRTL _cRTL _beng |
||
| 041 |
_2eng _aeng |
||
| 082 | _aY:1.4.N8, M8 | ||
| 100 |
_aSinha Durganand Ed. _925172 |
||
| 245 | 0 |
_aSocial values and development _b Asian perspectives |
|
| 260 |
_a New Delhi _bSage Publishers _c1988 |
||
| 300 |
_a336p _ccm. |
||
| 490 | _aInternational Union of Psychological Science Publication | ||
| 500 | _aBibliography chapterwise | ||
| 700 |
_a Kao Henry S R Ed. _925173 |
||
| 942 |
_hY:1.4.N8, M8 _cGB _2CC |
||
| 999 |
_c613318 _d613318 |
||